Missing Word: Movies, Books & Music (E) Quiz Stats

 Plays Quiz Updated Jul 18, 2018

Challenge
Share
Tweet
Embed
Score 0/21 Timer 02:00
0 Plays Today
Hint Answer % Correct
BooksEat
97.1%
MoviesEdward
95.9%
MoviesEyes
95.4%
BooksEden
91.7%
BooksEnglish
86.7%
MusicEmpty
86.5%
MoviesElement
85.6%
MoviesEternity
85.4%
MusicEleanor
84.8%
BooksExpecting
84.5%
MoviesElephants
79.7%
Hint Answer % Correct
MusicEasy
79.3%
MoviesEnter
70.9%
MoviesEli
65.3%
MusicEnd
59.3%
MusicEverybody
58.1%
MusicElevator
56.6%
BooksEmpire
52.7%
BooksEarth
44.9%
MusicEscape
37.4%
BooksElectric
36%

Today's Daily Dose

You're not logged in!

Compare scores with friends on all Sporcle quizzes.
OR
Log In

You Might Also Like...

Show Comments

Extras

Top Quizzes Today


Score Distribution

Your Account Isn't Verified!

In order to create a playlist on Sporcle, you need to verify the email address you used during registration. Go to your Sporcle Settings to finish the process.

Report this User

Report this user for behavior that violates our Community Guidelines.

Details: